All players with 90+ gold cards in Fifa/Ea FC history - Statistics

General Stats
  • This quiz has been taken 68 times
  • The average score is 29 of 42
Answer Stats
Nation Answer % Correct
16x Argentina Messi
100%
3x Norway Haaland
98%
6x France Mbappe
98%
13x Portugal Ronaldo
98%
4x Egypt Salah
98%
7x Poland Lewandowski
92%
1x Wales Bale
90%
7x Belgium De Bruyne
90%
3x England Kane
90%
6x Brazil Neymar
89%
4x Uruguay Suarez
89%
4x Netherlands van Dijk
87%
2x Croatia Modric
85%
1x Senegal Mane
80%
2x England Bellingham
79%
7x Germany Neuer
79%
2x Sweden Ibrahimovic
77%
3x Belgium Courtois
75%
2x Spain Iniesta
75%
4x Slovenia Oblak
75%
2x Spain Rodri
75%
2x Spain Xavi
72%
3x Belgium Hazard
70%
2x Spain Ramos
64%
2x France Benzema
62%
2x Germany Kroos
62%
1x Brazil Alisson
59%
1x France Dembele
59%
3x Netherlands Robben
59%
1x England Rooney
59%
1x Italy Buffon
52%
1x France Kante
51%
1x Colombia Falcao
48%
2x France Ribery
48%
1x Uruguay Godin
41%
1x Argentina Higuain
41%
2x Spain Casillas
39%
3x Spain De Gea
39%
1x Germany Boateng
31%
1x Brazil Kaka
31%
3x Germany ter Stegen
31%
1x Brazil Vini Jr
31%
No matching quizzes found
Score Distribution
Percent of People with Each Score
Percentile by Number Answered
Your Score History
You have not taken this quiz